00360nam a22001097a 4500008004100000020002200041082001100063100002300074245010100097260003400198300001800232230331b |||||||| |||| 00| 0 eng d a978-81-8495-784-6 a658.42 aKevin. D . Johnson aThe Entrepreneur Mind:b100 essential beliefs, characteristics and habits of Elite Entrepreneurs bJaico Publishing House,c2013 a251 p.c22 cm